000 00299nam a2200109Ia 4500
008 201231s9999 xx 000 0 und d
100 _aHarver Business Review
245 0 _aHarvard Business Review Library 1982 Index
260 _aBoston
_bHarvard Business School Press
300 _a116
942 _cBK
999 _c10090
_d10090